<?xml version="1.0" encoding="UTF-8"?><?xml-stylesheet type="text/xsl" href="static/style.xsl"?><OAI-PMH xmlns="http://www.openarchives.org/OAI/2.0/" xmlns:xsi="http://www.w3.org/2001/XMLSchema-instance" xsi:schemaLocation="http://www.openarchives.org/OAI/2.0/ http://www.openarchives.org/OAI/2.0/OAI-PMH.xsd"><responseDate>2026-04-14T04:23:16Z</responseDate><request verb="GetRecord" identifier="oai:www.recercat.cat:2072/469310" metadataPrefix="marc">https://recercat.cat/oai/request</request><GetRecord><record><header><identifier>oai:recercat.cat:2072/469310</identifier><datestamp>2025-05-08T14:23:00Z</datestamp><setSpec>com_2072_98</setSpec><setSpec>col_2072_378192</setSpec></header><metadata><record xmlns="http://www.loc.gov/MARC21/slim" xmlns:dcterms="http://purl.org/dc/terms/" xmlns:xsi="http://www.w3.org/2001/XMLSchema-instance" xmlns:doc="http://www.lyncode.com/xoai" xsi:schemaLocation="http://www.loc.gov/MARC21/slim http://www.loc.gov/standards/marcxml/schema/MARC21slim.xsd">
   <leader>00925njm 22002777a 4500</leader>
   <datafield ind2=" " ind1=" " tag="042">
      <subfield code="a">dc</subfield>
   </datafield>
   <datafield ind2=" " ind1=" " tag="720">
      <subfield code="a">Oliveira, Andrea</subfield>
      <subfield code="e">author</subfield>
   </datafield>
   <datafield ind2=" " ind1=" " tag="720">
      <subfield code="a">Capriotti, Paul</subfield>
      <subfield code="e">author</subfield>
   </datafield>
   <datafield ind2=" " ind1=" " tag="720">
      <subfield code="a">Zeler, Ileana Lis</subfield>
      <subfield code="e">author</subfield>
   </datafield>
   <datafield ind2=" " ind1=" " tag="260">
      <subfield code="c">2022</subfield>
   </datafield>
   <datafield ind2=" " ind1=" " tag="520">
      <subfield code="a">This article analyses the current state of research on institutional digital communication in universities. An analysis of WOS- and Scopus-indexed research on the subject over the last 30 years (1990-2020) was carried out based on seven factors: volume and evolution of scientific production; number of universities and geographical area; communication tools; social networks; communication dimensions, and content. The results reveal a considerable increase in articles on digital communication in the last decade, mainly in Iberian and Hispanic journals (Spain, Portugal, Latin America). Studies focusing on websites and social networks were found to be especially common, particularly in relation to digital presence and online institutional information. Inferential and in-depth studies are proposed to allow a more detailed assessment of the state of the art in this emerging field of research.</subfield>
   </datafield>
   <datafield ind2=" " ind1=" " tag="520">
      <subfield code="a">Esta investigación analiza la situación actual de la investigación sobre la comunicación institucional digital de las universidades. Para ello, se realizó un análisis de la producción científica sobre el tema en los últimos 30 años (1990-2020), indexada en WOS y Scopus, en base a siete aspectos: volumen y evolución de la producción científica, número de universidades y áreas geográficas, instrumentos de comunicación, redes sociales, dimensiones de comunicación y contenido. Los resultados revelan un aumento considerable de artículos sobre la comunicación digital en la última década, principalmente publicados en revistas ibéricas (de España, Portugal e Iberoamérica). Se destaca el gran interés por el análisis de las páginas web y las redes sociales, particularmente la presencia digital y el estudio de la información institucional online de las universidades. Se proponen estudios de tipo inferencial y de profundización que permitan diseccionar en detalle el estado de la cuestión de este campo emergente.</subfield>
   </datafield>
   <datafield tag="653" ind2=" " ind1=" ">
      <subfield code="a">Universidades</subfield>
   </datafield>
   <datafield tag="653" ind2=" " ind1=" ">
      <subfield code="a">Relaciones públicas</subfield>
   </datafield>
   <datafield tag="653" ind2=" " ind1=" ">
      <subfield code="a">Comunicación digital</subfield>
   </datafield>
   <datafield tag="653" ind2=" " ind1=" ">
      <subfield code="a">Análisis bibliométrico</subfield>
   </datafield>
   <datafield tag="653" ind2=" " ind1=" ">
      <subfield code="a">Producción científica</subfield>
   </datafield>
   <datafield tag="653" ind2=" " ind1=" ">
      <subfield code="a">Universities</subfield>
   </datafield>
   <datafield tag="653" ind2=" " ind1=" ">
      <subfield code="a">Public relations</subfield>
   </datafield>
   <datafield tag="653" ind2=" " ind1=" ">
      <subfield code="a">Digital communication</subfield>
   </datafield>
   <datafield tag="653" ind2=" " ind1=" ">
      <subfield code="a">Bibliometric analysis</subfield>
   </datafield>
   <datafield tag="653" ind2=" " ind1=" ">
      <subfield code="a">Scientific production</subfield>
   </datafield>
   <datafield ind2="0" ind1="0" tag="245">
      <subfield code="a">El estado de la cuestión de la investigación sobre la comunicación digital de las universidades</subfield>
   </datafield>
</record></metadata></record></GetRecord></OAI-PMH>